01900nam a2200337 a 450000100060000000300080000600500170001400800410003102000180007202000150009003500190010504000280012404100080015208200280016010000300018824501140021824600330033224600290036526400530039430000310044733600260047833700280050433800270053252007460055965000350130565000250134065000410136565000580140670000430146470000550150782176BD-RjUL20231022130629.0231022s2004 nyu d 000 0 eng d a9780896762527 a0896762521 a(BD-RjUL)82176 aHUJIbengerdacBD-RjUL0 aeng04222a792.02803bCAA 20041 aCaldarone, Marinaeauthor10aActions :bThe actors' thesaurus /cMarina Caldarone and Maggie Lloyd-Williams ; [foreword by Terry Johnson].30aThe actors' thesaurus.5HUJI30aActors' thesaurus.5OCLC 1aBrooklyn Heights, NY :bDrama Publishers,c2004. axxxiv, 158 pages ;c22 cm. atextbtxt2rdacontent aunmediatedbn2rdamedia avolumebnc2rdacarrier1 a"Actors need actions. They cannot act moods. They need to be doing something with every line. They need verbs. They need an aim to achieve, and an action selected to help achieve that aim." "'Actions' are active verbs. In order to perform a line truthfully, the actor needs to find exactly the right action to suit that particular situation and that particular line. That is where this book comes in ... It is a thesaurus of active verbs, with which the actor can refine the acting choice until s/he hits exactly the right action to help make each line come alive. 'Actioning' is a widely used rehearsal and performance technique: this book makes it available for the first time in an organised and comprehensive form. Book jacket."--Jacket. 4aActorsxLanguagevDictionaries 4aActingvDictionaries 4aEnglish languagexVerbvDictionaries 4aEnglish languagexSynonyms and antonymsvDictionaries1 aLloyd-Williams, Maggie,d1975-eauthor1 aJohnson, Terry,d1934-2006ewriter of introduction